Vplyv dávky odpadového penového polypropylénu na vybrané vlastnosti štiepko-cementových kompozitov
Gespeichert in:
| 1. Verfasser: | |
|---|---|
| Weitere Verfasser: | |
| Format: | Manuskript Buch |
| Sprache: | Slowakisch |
| Veröffentlicht: |
2020
|
| Schlagworte: | |
| Online-Zugang: | http://is.stuba.sk/zp/portal_zp.pl?podrobnosti=153439 https://opac.crzp.sk/?fn=detailBiblioForm&sid=23A5A917B76C11E743A9EC80CF65 |
| Tags: |
Keine Tags, Fügen Sie das erste Tag hinzu!
|
MARC
| LEADER | 00000ntm a22000003a 4500 | ||
|---|---|---|---|
| 001 | stuzp78974 | ||
| 003 | SK-STU | ||
| 005 | 20230522104247.8 | ||
| 007 | ta | ||
| 008 | 150427s2015----xo-----f-mn---000-0-slo-d | ||
| 040 | |a STU |b slo | ||
| 041 | 0 | |a slo | |
| 100 | 1 | |a Pašková, Petra |u 010260 |4 aut |U SvF Stavebná fakulta |T SvF Katedra materiálového inžinierstva |X 63511 |U V260 |Y 27 |7 63511 | |
| 242 | 0 | 1 | |a The effect of the waste foamed polypropylene dose on the selected properties of the cement-bonded wood-chip composites |y eng |
| 245 | 1 | 0 | |a Vplyv dávky odpadového penového polypropylénu na vybrané vlastnosti štiepko-cementových kompozitov |
| 260 | |c 2020 | ||
| 650 | 4 | |a plast |2 slo | |
| 650 | 4 | |a recyklácia |2 slo | |
| 650 | 4 | |a betón |2 slo | |
| 650 | 4 | |a plastic |2 eng | |
| 650 | 4 | |a recyclation |2 eng | |
| 650 | 4 | |a concrete |2 eng | |
| 700 | 1 | |a Gregorová, Valéria |u 010260 |k Z1 |4 ths |U SvF Stavebná fakulta |T SvF Katedra materiálového inžinierstva |X 39102 |U V260 |Y 27 |7 A000039102 | |
| 856 | 4 | |u http://is.stuba.sk/zp/portal_zp.pl?podrobnosti=153439 | |
| 856 | 4 | |u https://opac.crzp.sk/?fn=detailBiblioForm&sid=23A5A917B76C11E743A9EC80CF65 | |